[Event "84th YMCA Autumn A"]
[Site "Warszawa"]
[Date "2010.11.12"]
[Round "7"]
[White "Liberadzki, Slawomir"]
[Black "Adamski, Andrzej"]
[Result "0-1"]
[WhiteElo "2083"]
[BlackElo "2254"]
[Annotator "Admin"]
[PlyCount "174"]
[EventDate "2010.09.24"]
[EventType "tourn"]
[EventRounds "1"]
[EventCountry "POL"]
[SourceDate "2010.10.05"]

1. e4 d6 2. d4 g6 3. Nf3 Bg7 4. c3 Nf6 5. Bd3 O-O 6. O-O Nc6 7. b4 a6 8. Nbd2
Nd7 9. Nb3 e5 10. Bg5 Qe8 11. Re1 exd4 12. Nbxd4 Nde5 13. Nxc6 Qxc6 14. Nxe5
dxe5 15. Qc2 f5 16. f3 Be6 17. a4 f4 18. Bh4 Qe8 19. c4 Qf7 20. Rec1 Rae8 21.
Bf2 Kh8 22. b5 a5 23. Qc3 $11 Ra8 24. c5 g5 25. Bc4 h5 26. Bxe6 Qxe6 27. Qc4
Qg6 28. Rd1 g4 29. Kh1 Rfd8 30. c6 bxc6 31. Qxc6 Rxd1+ 32. Rxd1 Qxc6 33. bxc6
Ra6 34. Rc1 Bf8 35. Kg1 Kg8 36. Kf1 Kf7 37. Ke2 Ke6 38. Rc2 Bb4 39. Bh4 Bd6 40.
Be1 $11 Bb4 41. Bh4 Kd6 42. Bf6 Rb6 43. Rc1 Ke6 44. Bh4 Bd6 45. Be1 Rb2+ 46.
Kf1 Bb4 47. Bh4 Ra2 48. Bd8 Bd6 49. Rc4 gxf3 50. gxf3 Rxh2 51. Kg1 Ra2 52. Kh1
Rb2 53. Rc3 Rb4 54. Kg2 Rxa4 55. Kh3 Ra1 56. Kh4 a4 57. Kxh5 a3 58. Rc2 Rh1+
59. Kg6 Rg1+ 60. Kh5 Rg8 61. Bg5 Ra8 62. Ra2 Ra6 63. Bh4 Rxc6 64. Bf2 Rc3 65.
Kg4 Rb3 66. Be1 Bc5 67. Ba5 Rb2 68. Ra1 a2 69. Bc3 Rc2 70. Kg5 Rxc3 71. Rxa2
Rxf3 72. Rc2 Bd6 73. Rc4 Rg3+ 74. Kh4 c5 75. Rc1 Be7+ 76. Kh5 f3 77. Ra1 f2 78.
Rf1 Rg5+ 79. Kh6 Rg2 80. Kh5 c4 81. Kh6 c3 82. Kh7 c2 83. Rh1 Rh2+ 84. Rxh2
c1=Q 85. Rh6+ Qxh6+ 86. Kg8 Qg6+ 87. Kh8 Bf6# 0-1

[Event "84th YMCA Autumn A"]
[Site "Warszawa"]
[Date "2010.11.12"]
[Round "7"]
[White "Malec, Sebastian"]
[Black "Sanz Losada, Victoriano"]
[Result "1/2-1/2"]
[WhiteElo "2155"]
[BlackElo "2138"]
[Annotator "Admin"]
[PlyCount "90"]
[EventDate "2010.09.24"]
[EventType "tourn"]
[EventRounds "1"]
[EventCountry "POL"]
[SourceDate "2010.10.05"]

1. e4 e5 2. Nf3 Nc6 3. Bc4 Be7 4. O-O Nf6 5. Nc3 O-O 6. d4 exd4 7. Nxd4 d6 8.
h3 h6 9. Re1 Re8 10. Bf4 Bf8 11. Nxc6 bxc6 12. e5 Nh7 13. Qh5 d5 14. Rad1 g6
15. Qe2 Qh4 16. Bxd5 Qxf4 17. Bxc6 Be6 18. Bxa8 Rxa8 19. Nd5 Bxd5 20. Rxd5 Ng5
21. c3 Ne6 22. Qe4 Qg5 23. h4 Qe7 24. Red1 Rb8 $11 25. b4 c5 26. Rd7 Qe8 27.
Rb7 cxb4 28. cxb4 Rxb7 29. Qxb7 Qa4 30. Rd7 Qxa2 31. Rxf7 Qa1+ 32. Kh2 Qxe5+
33. g3 Nd8 34. Rxf8+ Kxf8 35. Qxa7 Ne6 36. b5 Qc5 37. Qb8+ Kf7 38. Qb7+ Kf6 39.
Kg2 Nd4 40. b6 Qc6+ 41. Qxc6+ Nxc6 42. b7 Kf5 43. f3 Ke5 44. h5 g5 45. g4 Kf4
1/2-1/2

[Event "84th YMCA Autumn A"]
[Site "Warszawa"]
[Date "2010.11.19"]
[Round "8"]
[White "Kasperkiewicz, Pawel"]
[Black "Sanz Losada, Victoriano"]
[Result "1-0"]
[WhiteElo "2102"]
[BlackElo "2138"]
[PlyCount "67"]
[EventDate "2010.09.24"]
[EventType "tourn"]
[EventRounds "1"]
[EventCountry "POL"]
[SourceDate "2010.10.05"]

1. e4 c5 2. Nf3 d6 3. d4 cxd4 4. Nxd4 Nf6 5. Nc3 Nc6 6. f4 e6 7. Be3 Be7 8. Qf3
a6 9. h3 Qc7 10. g4 O-O 11. g5 Nd7 12. O-O-O b5 13. Bd3 Nc5 14. h4 Nxd4 15.
Bxd4 b4 16. Ne2 b3 17. axb3 Nxb3+ 18. Kb1 Nxd4 19. Nxd4 Rb8 20. Qe2 e5 21. Nf5
Bxf5 22. exf5 Rfc8 23. f6 Bf8 24. c4 exf4 25. Qe4 g6 26. h5 d5 27. Qxd5 Rd8 28.
Qg2 f3 29. Qxf3 Ba3 30. Rd2 Qe5 31. Rhh2 Rb3 32. Rhe2 Qd4 33. Qe4 Bxb2 34. Qe8+
1-0

[Event "84th YMCA Autumn A"]
[Site "Warszawa"]
[Date "2010.11.19"]
[Round "8"]
[White "Adamski, Andrzej"]
[Black "Malec, Sebastian"]
[Result "1-0"]
[WhiteElo "2254"]
[BlackElo "2155"]
[PlyCount "61"]
[EventDate "2010.09.24"]
[EventType "tourn"]
[EventRounds "1"]
[EventCountry "POL"]
[SourceDate "2010.10.05"]

1. e4 c5 2. c3 d5 3. exd5 Qxd5 4. d4 Nf6 5. Nf3 e6 6. Be3 cxd4 7. cxd4 Bd7 8.
Nc3 Bb4 9. Bd3 Bb5 10. O-O Bxc3 11. bxc3 O-O 12. Rb1 Bxd3 13. Qxd3 b6 14. c4
Qe4 15. Qd2 Nbd7 16. Rfe1 Rac8 17. Rbc1 Qb7 18. Rc2 h6 19. Bxh6 gxh6 20. Qxh6
Rfe8 21. Rc3 Ne4 22. Ng5 Nxg5 23. Qxg5+ Kf8 24. Rh3 f6 25. Qg4 e5 26. dxe5 Nxe5
27. Rh8+ Kf7 28. Qh5+ Ke6 29. Rxe8+ Rxe8 30. Qxe8+ Kf5 31. Qh5+ 1-0

[Event "84th YMCA Autumn A"]
[Site "Warszawa"]
[Date "2010.11.19"]
[Round "8"]
[White "Lewandowski, Rafal"]
[Black "Liberadzki, Slawomir"]
[Result "1/2-1/2"]
[WhiteElo "2202"]
[BlackElo "2083"]
[Annotator "Admin"]
[PlyCount "119"]
[EventDate "2010.09.24"]
[EventType "tourn"]
[EventRounds "1"]
[EventCountry "POL"]
[SourceDate "2010.10.05"]

1. e4 c5 2. Nf3 e6 3. d4 cxd4 4. Nxd4 Nc6 5. Nc3 Qc7 6. Be3 a6 7. Qd2 Nf6 8. f3
b5 9. O-O-O Ne5 10. g4 h6 11. Bf4 Bb4 12. Nc6 Qxc6 13. Bxe5 Bb7 14. Qf4 Rc8 15.
Bd3 d6 $11 16. Bxf6 gxf6 17. Ne2 Ke7 18. e5 fxe5 19. Qxb4 Qxf3 20. Rhf1 Qe3+
21. Kb1 Qc5 22. Qxc5 Rxc5 23. Ng3 Rg8 24. Be2 d5 25. Rf2 Rg7 26. Nh5 Rh7 27. h4
Bc6 28. Nf6 Rg7 29. g5 hxg5 30. h5 Ba8 31. h6 Rg6 32. h7 Rc8 33. Rdf1 Rh8 34.
Ng8+ Kd6 35. Bh5 Rg7 36. Nf6 Bc6 37. b3 e4 38. Rd1 e3 39. Re2 Ke7 40. Rf1 d4
41. c3 Rgxh7 42. Nxh7 Be4+ 43. Kc1 Rxh7 44. Rxf7+ Rxf7 45. Bxf7 Bf3 46. Re1
Kxf7 47. cxd4 e2 48. Kd2 Ke7 $11 49. Ra1 Kd6 50. a4 Kd5 51. axb5 axb5 52. Ra5
Kxd4 53. Rxb5 g4 54. Rg5 e5 55. b4 Kc4 56. Rxe5 Kxb4 57. Rxe2 Bxe2 58. Kxe2 g3
59. Kf3 g2 60. Kxg2 1/2-1/2

[Event "84th YMCA Autumn A"]
[Site "Warszawa"]
[Date "2010.11.19"]
[Round "8"]
[White "Michniewski, Tomasz"]
[Black "Kukawski, Maciej"]
[Result "0-1"]
[WhiteElo "2165"]
[BlackElo "2314"]
[PlyCount "46"]
[EventDate "2010.09.24"]
[EventType "tourn"]
[EventRounds "1"]
[EventCountry "POL"]
[SourceDate "2010.10.05"]

1. d4 d5 2. c4 e6 3. Nc3 c6 4. Nf3 dxc4 5. e3 b5 6. a4 Bb4 7. axb5 cxb5 8. Bd2
Bxc3 9. Bxc3 a5 10. Qd2 Nf6 11. b3 cxb3 12. Bxb5+ Bd7 13. Bc4 Qc7 14. Ne5 O-O
15. O-O Ne4 16. Qd3 Nxc3 17. Qxc3 a4 18. Qd3 Ra5 19. Ra3 Rc8 20. Rfa1 Rxe5 21.
dxe5 Qxc4 22. Qxc4 Rxc4 23. Rb1 b2 0-1

[Event "84th YMCA Autumn A"]
[Site "Warszawa"]
[Date "2010.11.19"]
[Round "8"]
[White "Janczarski, Michal"]
[Black "Moskwinski, Tadeusz"]
[Result "1/2-1/2"]
[WhiteElo "2303"]
[BlackElo "2213"]
[Annotator "Admin"]
[PlyCount "49"]
[EventDate "2010.09.24"]
[EventType "tourn"]
[EventRounds "1"]
[EventCountry "POL"]
[SourceDate "2010.10.05"]

1. c4 f5 2. g3 Nf6 3. Bg2 g6 4. Nc3 Bg7 5. e3 O-O 6. Nge2 e5 7. d3 d6 8. O-O c6
9. b4 Be6 10. b5 d5 11. bxc6 Nxc6 12. cxd5 Nxd5 13. Qb3 Na5 14. Bxd5 Nxb3 15.
Bxe6+ Kh8 16. axb3 f4 17. exf4 exf4 18. Bxf4 Rxf4 19. gxf4 Bxc3 20. Nxc3 Qf6
21. Bd5 Qxc3 22. Bxb7 Rf8 23. Rxa7 Qxd3 24. Bg2 Qxb3 25. Re1 $11 1/2-1/2

[Event "84th YMCA Autumn A"]
[Site "Warszawa"]
[Date "2010.11.23"]
[Round "8"]
[White "Choroszej, Aleksander"]
[Black "Kedzierski, Slawomir"]
[Result "1-0"]
[WhiteElo "2122"]
[BlackElo "2102"]
[PlyCount "73"]
[EventDate "2010.09.24"]
[EventType "tourn"]
[EventRounds "1"]
[EventCountry "POL"]
[SourceDate "2010.10.05"]

1. d4 Nf6 2. c4 e6 3. Nf3 d5 4. Nc3 Be7 5. Bg5 O-O 6. e3 Nbd7 7. Be2 b6 8. cxd5
exd5 9. O-O Bb7 10. Rc1 h6 11. Bf4 Nh5 12. Be5 f6 13. Bg3 Nxg3 14. hxg3 f5 15.
Qb3 c6 16. Bd3 g6 17. e4 fxe4 18. Bxe4 Kg7 19. Bb1 Rf6 20. Ne5 Nf8 21. Rfe1 Bd6
22. Ne2 c5 23. Nf4 cxd4 24. Nexg6 Rxg6 25. Nxg6 Nxg6 26. Bxg6 Kxg6 27. Qd3+ Kg7
28. Re6 Bf8 29. Qxd4+ Kh7 30. Qe5 Rc8 31. Re1 Bc6 32. Qf5+ Kh8 33. Rg6 Qd7 34.
Ree6 Re8 35. Qf6+ Bg7 36. Rxe8+ Kh7 37. Rxh6+ 1-0

[Event "84th YMCA Autumn A"]
[Site "Warszawa"]
[Date "2010.11.19"]
[Round "8"]
[White "Zurkowski, Andrzej"]
[Black "Luksik, Mateusz"]
[Result "1-0"]
[WhiteElo "2120"]
[BlackElo "2111"]
[PlyCount "61"]
[EventDate "2010.09.24"]
[EventType "tourn"]
[EventRounds "1"]
[EventCountry "POL"]
[SourceDate "2010.10.05"]

1. d4 g6 2. e4 Bg7 3. c4 d6 4. Nc3 Nf6 5. f4 O-O 6. Nf3 c5 7. d5 e6 8. Be2 exd5
9. cxd5 Re8 10. e5 dxe5 11. fxe5 Ng4 12. Bg5 f6 13. exf6 Bxf6 14. Bxf6 Qxf6 15.
O-O Ne3 16. Qa4 Bd7 17. Bb5 Bxb5 18. Qxb5 Rf8 19. Rf2 Na6 20. Re1 Ng4 21. Rfe2
Nb4 22. a3 Na6 23. Re6 Qd8 24. Qxb7 Nc7 25. Re7 Rf7 26. Rxf7 Kxf7 27. Nb5 Rc8
28. d6 c4 29. dxc7 Qf8 30. Qxc8 Qc5+ 31. Nbd4 1-0

[Event "84th YMCA Autumn A"]
[Site "Warszawa"]
[Date "2010.11.23"]
[Round "9"]
[White "Luksik, Mateusz"]
[Black "Kasperkiewicz, Pawel"]
[Result "1/2-1/2"]
[WhiteElo "2111"]
[BlackElo "2102"]
[Annotator "Admin"]
[PlyCount "82"]
[EventDate "2010.09.24"]
[EventType "tourn"]
[EventRounds "1"]
[EventCountry "POL"]
[SourceDate "2010.10.05"]

1. d4 Nf6 2. c4 g6 3. Nc3 Bg7 4. e4 O-O 5. f4 d6 6. Nf3 c5 7. dxc5 dxc5 8. Qxd8
Rxd8 9. e5 Ne8 10. Be3 b6 11. Kf2 Nc6 12. Be2 f6 13. exf6 exf6 14. Rad1 Be6 15.
Nd5 Rd7 16. Nc3 Nd6 17. Rd2 Rad8 18. Rhd1 Kf8 19. Ke1 Ke8 20. Nb5 Nxb5 21. Rxd7
Rxd7 22. cxb5 Nb4 23. Rxd7 Kxd7 24. a3 Nc2+ 25. Kd2 Nxe3 26. Kxe3 Bd5 27. g3 f5
28. Ne5+ Ke6 29. Nc4 Bd4+ 30. Kd2 Bg1 31. Ke1 Bxh2 32. Kf2 h5 33. Ne3 h4 34.
gxh4 Bxf4 35. Nxd5 Kxd5 36. b3 Ke4 37. Bf3+ Kd3 38. Bd5 Kd4 39. Bf7 g5 40. hxg5
Bxg5 41. Kf3 Bc1 $11 1/2-1/2

[Event "84th YMCA Autumn A"]
[Site "Warszawa"]
[Date "2010.11.30"]
[Round "9"]
[White "Moskwinski, Tadeusz"]
[Black "Choroszej, Aleksander"]
[Result "1/2-1/2"]
[WhiteElo "2213"]
[BlackElo "2122"]
[Annotator "Admin"]
[PlyCount "61"]
[EventDate "2010.09.24"]
[EventType "tourn"]
[EventRounds "1"]
[EventCountry "POL"]
[SourceDate "2010.10.05"]

1. e4 g6 2. d4 Bg7 3. Nc3 d6 4. f4 Nf6 5. Nf3 O-O 6. e5 Nfd7 7. h4 c5 8. h5
cxd4 9. hxg6 dxc3 10. gxf7+ Rxf7 11. Bc4 e6 12. Ng5 Nxe5 13. Qh5 h6 14. fxe5
hxg5 15. Qh7+ Kf8 16. Qh8+ Bxh8 17. Rxh8+ Kg7 18. Rxd8 Nc6 19. Rxd6 Nxe5 20.
Be2 Kf6 21. Be3 Rd7 22. O-O-O Rxd6 23. Rxd6 cxb2+ 24. Kxb2 Nf7 25. Rd1 e5 26.
Rf1+ Kg7 27. Bc4 Nd6 28. Bd5 Bf5 29. Bxg5 Rc8 30. Rf2 Kg6 31. Be3 $11 1/2-1/2

[Event "84th YMCA Autumn A"]
[Site "Warszawa"]
[Date "2010.12.14"]
[Round "9"]
[White "Kukawski, Maciej"]
[Black "Janczarski, Michal"]
[Result "1-0"]
[WhiteElo "2314"]
[BlackElo "2303"]
[PlyCount "49"]
[EventDate "2010.09.24"]
[EventType "tourn"]
[EventRounds "1"]
[EventCountry "POL"]
[SourceDate "2010.10.05"]

1. e4 c5 2. c3 d6 3. d4 Nd7 4. Nf3 g6 5. Bc4 e6 6. h4 cxd4 7. h5 gxh5 8. cxd4
Ngf6 9. Nc3 a6 10. a4 Rg8 11. e5 Qc7 12. Qe2 dxe5 13. dxe5 Rg4 14. Bxe6 fxe6
15. exf6 Nxf6 16. Bg5 Be7 17. O-O Rxg5 18. Nxg5 Ng4 19. Nf3 Bd7 20. Rfe1 Bc5
21. Ne4 Ba7 22. Rac1 Qf4 23. Nc5 Nxf2 24. Qxf2 Rc8 25. Kh1 1-0

[Event "84th YMCA Autumn A"]
[Site "Warszawa"]
[Date "2010.12.01"]
[Round "9"]
[White "Liberadzki, Slawomir"]
[Black "Michniewski, Tomasz"]
[Result "1/2-1/2"]
[WhiteElo "2083"]
[BlackElo "2165"]
[Annotator "Admin"]
[PlyCount "65"]
[EventDate "2010.09.24"]
[EventType "tourn"]
[EventRounds "1"]
[EventCountry "POL"]
[SourceDate "2010.10.05"]

1. e4 c5 2. c3 d6 3. d4 Nf6 4. Bd3 cxd4 5. cxd4 g6 6. Nf3 Bg7 7. O-O O-O 8. Nc3
Nc6 9. h3 a6 10. Be3 b5 11. Qd2 e5 12. Rac1 Bb7 13. d5 Ne7 14. Ne2 Nd7 15. Bh6
Nc5 16. Bxg7 Kxg7 17. Nxe5 Nxe4 18. Bxe4 dxe5 19. Qc3 f6 20. Qc7 Rf7 21. Qxb7
Nf5 22. Qc6 Nd6 23. Bb1 Rc8 24. Qxa6 Ra8 25. Qc6 Rc8 26. Qxd6 Qxd6 27. Rxc8
Qxd5 28. Nc3 Qb7 29. Rc5 b4 30. Rb5 Qe7 31. Nd5 Qd7 32. Bd3 f5 33. Bc4 $11
1/2-1/2

[Event "84th YMCA Autumn A"]
[Site "Warszawa"]
[Date "2010.11.17"]
[Round "9"]
[White "Malec, Sebastian"]
[Black "Lewandowski, Rafal"]
[Result "1/2-1/2"]
[WhiteElo "2155"]
[BlackElo "2202"]
[PlyCount "107"]
[EventDate "2010.09.24"]
[EventType "tourn"]
[EventRounds "1"]
[EventCountry "POL"]
[SourceDate "2010.10.05"]

1. e4 c5 2. Nf3 e6 3. d4 cxd4 4. Nxd4 a6 5. Nc3 b5 6. Bd3 Qb6 7. Nb3 Qc7 8. Be3
d6 9. O-O Nf6 10. f4 Bb7 11. e5 dxe5 12. fxe5 Qxe5 13. Bf4 Qh5 14. Be2 Qg6 15.
Bf3 Nc6 16. Qe2 Bb4 17. Nxb5 O-O 18. Nd6 Bxd6 19. Bxd6 Rfc8 20. Rad1 Nd8 21.
Nc5 Bxf3 22. Rxf3 Ne8 23. Be7 Nc6 24. Rg3 Qf5 25. Rf1 Qd5 26. Rd3 Qxa2 27. Qh5
g6 28. Qh6 Nxe7 29. Rh3 Nf5 30. Rxf5 Qb1+ 31. Rf1 Qxf1+ 32. Kxf1 Rxc5 33. Qxh7+
Kf8 34. Qh8+ Ke7 35. Qh4+ Kd7 36. Rd3+ Nd6 37. b4 Rf5+ 38. Ke2 a5 39. Qe4 Rb8
40. Qd4 Rd5 41. Qa7+ Rb7 42. Qa8 Rxd3 43. Kxd3 axb4 44. h4 Ke7 45. g4 b3 46.
cxb3 Rxb3+ 47. Kc2 Rb5 48. Qa7+ Kf8 49. h5 gxh5 50. Qd4 hxg4 51. Qxd6+ Kg8 52.
Qd8+ Kg7 53. Qd4+ Kf8 54. Qd8+ 1/2-1/2

[Event "84th YMCA Autumn A"]
[Site "Warszawa"]
[Date "2010.12.01"]
[Round "9"]
[White "Sanz Losada, Victoriano"]
[Black "Adamski, Andrzej"]
[Result "0-1"]
[WhiteElo "2138"]
[BlackElo "2254"]
[PlyCount "92"]
[EventDate "2010.09.24"]
[EventType "tourn"]
[EventRounds "1"]
[EventCountry "POL"]
[SourceDate "2010.10.05"]

1. e4 d6 2. d4 g6 3. c4 Bg7 4. Nc3 Nf6 5. f3 e5 6. d5 Nh5 7. Be3 O-O 8. Qd2 f5
9. O-O-O Na6 10. Bd3 Nc5 11. Nge2 Bd7 12. Kb1 a6 13. b4 Nxd3 14. Qxd3 Qe7 15.
Rc1 Rae8 16. Rc2 Qf6 17. Rd1 Qh4 18. h3 Nf6 19. c5 Bh6 20. Bg1 fxe4 21. fxe4
Nh5 22. c6 Bc8 23. b5 bxc6 24. dxc6 axb5 25. Nd5 Rf7 26. Rb2 Nf4 27. Nexf4 exf4
28. Rb4 f3 29. gxf3 Qxh3 30. Rb3 Be6 31. Qxb5 Rxf3 32. Nf6+ Kf7 33. Rxf3 Qxf3
34. Rf1 Rb8 35. Rxf3 Rxb5+ 36. Kc2 Ke7 37. a3 Rg5 38. Bd4 Rg2+ 39. Kc3 Bd2+ 40.
Kd3 h5 41. Nd5+ Bxd5 42. exd5 Bg5 43. Bf2 Bf6 44. Bb6 Rg5 45. Kc4 cxb6 46. Rxf6
Kxf6 0-1

[Event "84th YMCA Autumn A"]
[Site "Warszawa"]
[Date "2010.12.03"]
[Round "10"]
[White "Kasperkiewicz, Pawel"]
[Black "Adamski, Andrzej"]
[Result "1/2-1/2"]
[WhiteElo "2102"]
[BlackElo "2254"]
[PlyCount "145"]
[EventDate "2010.09.24"]
[EventType "tourn"]
[EventRounds "1"]
[EventCountry "POL"]
[SourceDate "2010.10.05"]

1. e4 d6 2. d4 g6 3. Nf3 Nf6 4. Nc3 Bg7 5. Be2 O-O 6. O-O c6 7. Bf4 Nbd7 8. Qd2
b5 9. a3 Nb6 10. b3 Bb7 11. Rfe1 a6 12. Bf1 Rc8 13. Rad1 Qc7 14. e5 dxe5 15.
Bxe5 Qd8 16. Ng5 h6 17. Nge4 Nxe4 18. Nxe4 Bxe5 19. dxe5 Qxd2 20. Rxd2 c5 21.
g3 Bxe4 22. Rxe4 Rfd8 23. Ree2 c4 24. Bg2 cxb3 25. Rxd8+ Rxd8 26. cxb3 Rd1+ 27.
Bf1 Ra1 28. a4 bxa4 29. bxa4 Nxa4 30. Rc2 a5 31. Kg2 Nb6 32. Rb2 Nd5 33. Rb8+
Kg7 34. Bc4 Nb4 35. Rb7 Rc1 36. Bb3 Rc3 37. Ba4 Nd5 38. Ra7 Rc5 39. Bb3 e6 40.
Bxd5 Rxd5 41. f4 h5 42. h4 Rd2+ 43. Kf3 Ra2 44. Ra8 a4 45. Ke3 a3 46. Kf3 Ra1
47. Kg2 g5 48. hxg5 Kg6 49. Ra7 Kf5 50. Kf3 Rf1+ 51. Kg2 Ra1 52. Kf3 a2 53. Kg2
Kg4 54. Ra4 Kf5 55. Kh2 Kg4 56. Kg2 h4 57. gxh4 Kxh4 58. g6 fxg6 59. f5+ Kg5
60. fxe6 Re1 61. Rxa2 Rxe5 62. Ra6 Kf5 63. Kf3 g5 64. Rb6 g4+ 65. Kg3 Re3+ 66.
Kf2 Rxe6 67. Rxe6 Kxe6 68. Kg3 Kf5 69. Kg2 Kf4 70. Kf2 g3+ 71. Kg2 Kg4 72. Kg1
Kf4 73. Kg2 1/2-1/2

[Event "84th YMCA Autumn A"]
[Site "Warszawa"]
[Date "2010.10.21"]
[Round "10"]
[White "Michniewski, Tomasz"]
[Black "Malec, Sebastian"]
[Result "1-0"]
[WhiteElo "2165"]
[BlackElo "2155"]
[PlyCount "61"]
[EventDate "2010.09.24"]
[EventType "tourn"]
[EventRounds "1"]
[EventCountry "POL"]
[SourceDate "2010.10.05"]

1. d4 Nf6 2. c4 c5 3. d5 b5 4. cxb5 a6 5. b6 e6 6. Nc3 Nxd5 7. Nxd5 exd5 8.
Qxd5 Nc6 9. e4 Be7 10. Bc4 O-O 11. Nf3 Rb8 12. O-O Rxb6 13. Rd1 Na5 14. Be2 d6
15. Qd2 Nc6 16. b3 Be6 17. Bb2 Rb4 18. Qc2 Qa8 19. Bc3 f5 20. Bxb4 Nxb4 21. Qd2
fxe4 22. Ng5 Bxg5 23. Qxg5 d5 24. Qe7 Qc6 25. Rac1 Rc8 26. a3 Na2 27. Rc2 d4
28. Rxd4 Bxb3 29. Bc4+ Bxc4 30. Rdxc4 Qd5 31. h3 1-0

[Event "84th YMCA Autumn A"]
[Site "Warszawa"]
[Date "2010.12.03"]
[Round "10"]
[White "Janczarski, Michal"]
[Black "Liberadzki, Slawomir"]
[Result "1-0"]
[WhiteElo "2303"]
[BlackElo "2083"]
[Annotator "Admin"]
[PlyCount "107"]
[EventDate "2010.09.24"]
[EventType "tourn"]
[EventRounds "1"]
[EventCountry "POL"]
[SourceDate "2010.10.05"]

1. c4 e5 2. Nc3 Nc6 3. g3 g6 4. Bg2 Bg7 5. e3 Nge7 6. Nge2 d6 7. O-O O-O 8. Rb1
Be6 9. Nd5 Qd7 10. b4 Nd8 11. d3 Nxd5 12. cxd5 Bh3 13. b5 Bxg2 14. Kxg2 f5 15.
Qc2 Nf7 16. Bd2 h5 17. h4 Nh6 18. Rb4 Bf6 19. Rc1 Bd8 20. d4 Kh7 21. a4 Ng4 22.
Rc4 Nf6 23. dxe5 dxe5 24. Bb4 Rf7 25. Rd1 Ne4 26. Rxe4 fxe4 27. Qxe4 Be7 $11
28. Bxe7 Rxe7 29. Nc3 Qg4 30. Qxg4 hxg4 31. Ne4 Kg7 32. Nc5 b6 33. Ne6+ Kf6 34.
Rc1 Rc8 35. Rc6 Kf5 36. Rc4 e4 37. Nd4+ Kf6 38. Nc6 Rd7 39. Rxe4 Rd6 40. Rf4+
Kg7 41. Rxg4 Rf8 42. e4 Kh6 43. f4 Re8 44. Kf3 Ra8 45. Ne5 Kh7 46. h5 gxh5 47.
Rh4 a6 48. Rxh5+ Kg7 49. Rg5+ Kh7 50. Rf5 axb5 51. axb5 Ra3+ 52. Kg4 Kg8 53.
Rg5+ Kh7 54. Nc4 1-0

[Event "84th YMCA Autumn A"]
[Site "Warszawa"]
[Date "2010.11.16"]
[Round "10"]
[White "Choroszej, Aleksander"]
[Black "Kukawski, Maciej"]
[Result "0-1"]
[WhiteElo "2122"]
[BlackElo "2314"]
[PlyCount "44"]
[EventDate "2010.09.24"]
[EventType "tourn"]
[EventRounds "1"]
[EventCountry "POL"]
[SourceDate "2010.10.05"]

1. d4 d5 2. c4 e6 3. Nc3 c6 4. Nf3 dxc4 5. a4 Bb4 6. e3 b5 7. Bd2 a5 8. Ne4 Qe7
9. Bxb4 Qxb4+ 10. Qd2 Qxd2+ 11. Kxd2 Nf6 12. Nxf6+ gxf6 13. b3 cxb3 14. axb5 a4
15. Ra3 cxb5 16. Bxb5+ Bd7 17. Bc4 Rg8 18. Nh4 Ra5 19. g3 Nc6 20. Rha1 Ke7 21.
Kc3 Rc8 22. f4 Ra7 0-1

[Event "84th YMCA Autumn A"]
[Site "Warszawa"]
[Date "2010.12.03"]
[Round "10"]
[White "Zurkowski, Andrzej"]
[Black "Moskwinski, Tadeusz"]
[Result "0-1"]
[WhiteElo "2120"]
[BlackElo "2213"]
[PlyCount "46"]
[EventDate "2010.09.24"]
[EventType "tourn"]
[EventRounds "1"]
[EventCountry "POL"]
[SourceDate "2010.10.05"]

1. d4 f5 2. g4 d5 3. Qd3 fxg4 4. h3 Nf6 5. hxg4 Bxg4 6. Bh3 Qd7 7. Bxg4 Qxg4 8.
Nf3 Nc6 9. Rh4 Qd7 10. Ne5 Nxe5 11. dxe5 Ne4 12. Be3 e6 13. f3 Nc5 14. Bxc5
Bxc5 15. Nc3 O-O-O 16. Rxh7 Rxh7 17. Qxh7 Be3 18. Qd3 d4 19. Nd1 Qe7 20. Qe4
Qg5 21. Qg4 Qxe5 22. Nxe3 dxe3 23. c3 Qh2 0-1

[Event "84th YMCA Autumn A"]
[Site "Warszawa"]
[Date "2010.12.14"]
[Round "11"]
[White "Kedzierski, Slawomir"]
[Black "Kasperkiewicz, Pawel"]
[Result "1/2-1/2"]
[WhiteElo "2102"]
[BlackElo "2102"]
[PlyCount "143"]
[EventDate "2010.09.24"]
[EventType "tourn"]
[EventRounds "1"]
[EventCountry "POL"]
[SourceDate "2010.10.05"]

1. d4 Nf6 2. Nf3 e6 3. c4 b6 4. g3 Bb7 5. Bg2 Bb4+ 6. Bd2 Be7 7. Nc3 O-O 8. O-O
d5 9. cxd5 exd5 10. Rc1 Nbd7 11. Qb3 c5 12. dxc5 Nxc5 13. Qd1 d4 14. Nb5 d3 15.
e3 a5 16. Nbd4 Nfe4 17. a3 a4 18. Bb4 Bf6 19. Bc3 Qd7 20. Rb1 Rfe8 21. Nd2 Ng5
22. Bxb7 Qxb7 23. h4 Nge6 24. Nxe6 Rxe6 25. Bxf6 Rxf6 26. Rc1 Rd8 27. Rc4 Rfd6
28. Rb4 Qa6 29. Qg4 Rg6 30. Qf3 Rf6 31. Qg4 Rg6 32. Qf3 Rf6 33. Qg4 g6 34. Re1
h5 35. Qd1 Rc6 36. Qf3 b5 37. Rd4 Rdc8 38. Rd1 Rd6 39. Rxd6 Qxd6 40. Rc1 Rd8
41. Rc3 Qd5 42. Qxd5 Rxd5 43. Kf1 f5 44. f3 Kf7 45. Kf2 Ke6 46. e4 fxe4 47.
fxe4 Re5 48. Ke3 Kd6 49. Rc1 Re6 50. Kd4 Re5 51. Rf1 g5 52. Rf6+ Ne6+ 53. Kxd3
gxh4 54. gxh4 Ke7 55. Rf5 Rxf5 56. exf5 Ng7 57. Ke4 Kf6 58. Kf4 Nxf5 59. Nf3
Nd6 60. Nd4 Nc4 61. Nxb5 Nxb2 62. Nc3 Nc4 $11 63. Nxa4 Nxa3 64. Nc5 Nc4 65.
Ne4+ Kg6 66. Ng3 Nd6 67. Ke5 Nf7+ 68. Ke6 Ng5+ 69. Ke7 Nf3 70. Nxh5 Kxh5 71.
Kf6 Kxh4 72. Kf5 $11 1/2-1/2

[Event "84th YMCA Autumn A"]
[Site "Warszawa"]
[Date "2010.12.10"]
[Round "11"]
[White "Kukawski, Maciej"]
[Black "Zurkowski, Andrzej"]
[Result "1-0"]
[WhiteElo "2314"]
[BlackElo "2120"]
[PlyCount "61"]
[EventDate "2010.09.24"]
[EventType "tourn"]
[EventRounds "1"]
[EventCountry "POL"]
[SourceDate "2010.10.05"]

1. e4 d6 2. d4 Nf6 3. Nc3 c6 4. f4 g6 5. Nf3 Bg7 6. Bd3 O-O 7. O-O b5 8. e5
dxe5 9. dxe5 Nd5 10. Nxd5 Qxd5 11. Qe2 Qd7 12. Be3 Qc7 13. Ng5 h6 14. Ne4 Nd7
15. e6 Nb6 16. exf7+ Rxf7 17. Ng3 Qd6 18. Rad1 Nd5 19. Be4 Qe6 20. Bc1 Bd7 21.
Qd3 Raf8 22. Bxg6 Rf6 23. f5 Qe5 24. Rde1 Qc7 25. Nh5 Rd6 26. Qg3 Qb6+ 27. Kh1
Qd4 28. f6 Qg4 29. fxg7 Rxf1+ 30. Rxf1 Nf6 31. Qxd6 1-0

[Event "84th YMCA Autumn A"]
[Site "Warszawa"]
[Date "2010.12.07"]
[Round "11"]
[White "Liberadzki, Slawomir"]
[Black "Choroszej, Aleksander"]
[Result "1/2-1/2"]
[WhiteElo "2083"]
[BlackElo "2122"]
[Annotator "Admin"]
[PlyCount "158"]
[EventDate "2010.09.24"]
[EventType "tourn"]
[EventRounds "1"]
[EventCountry "POL"]
[SourceDate "2010.10.05"]

1. e4 g6 2. d4 Bg7 3. Nf3 d6 4. Bd3 Nf6 5. c3 O-O 6. O-O c5 7. h3 d5 8. e5 Ne4
9. Re1 Nc6 10. Bxe4 dxe4 11. Rxe4 Qd5 12. Re1 Rd8 13. c4 Qxc4 14. b3 Qe6 15.
Bb2 cxd4 16. Na3 Qd5 17. Qe2 Be6 18. Rad1 d3 19. Qe3 h6 20. Nc2 Qa5 21. Ncd4
Qxa2 22. Nxc6 bxc6 23. Bd4 Qxb3 24. Rxd3 Qb5 25. Ra3 a5 26. Bc5 Bf8 27. Rc1 Bc4
28. Rac3 Bd5 29. Nd4 Qb7 30. e6 f5 31. Qg3 Kh7 32. Qh4 Bg7 33. Bxe7 Re8 34. Bf6
Rac8 35. Bxg7 Qxg7 36. Nxc6 Rxe6 37. Nd4 Rxc3 38. Rxc3 Re1+ 39. Kh2 Qe5+ 40. f4
Qe7 41. Qxe7+ Rxe7 42. Rc5 Rd7 43. Rxa5 Bxg2 44. Kxg2 Rxd4 45. Ra7+ Kg8 46. Kg3
$11 Rd3+ 47. Kg2 h5 48. h4 Kf8 49. Rb7 Re3 50. Ra7 Re7 51. Ra8+ Kf7 52. Kf3 Rb7
53. Ra6 Rb3+ 54. Kg2 Re3 55. Ra7+ Kf6 56. Ra6+ Re6 57. Ra7 Rc6 58. Kg3 Ke6 59.
Ra5 Kd6 60. Kf3 Kc7 61. Rb5 Rc3+ 62. Kg2 Kc6 63. Re5 Kd6 64. Ra5 Rb3 65. Ra6+
Kd5 66. Rxg6 Ke4 67. Rg5 Kxf4 68. Rxh5 Rb2+ 69. Kh3 Ke4 70. Rh8 Kf3 71. Ra8 Kf4
72. Ra4+ Ke5 73. h5 Kf6 74. h6 Rb7 75. Kh4 Kg6 76. Ra6+ Kh7 77. Kg5 Rf7 78. Kf4
Rf8 79. Rb6 Rf7 $11 1/2-1/2